[Event "DEM U14w 2017"]
[Site "Willingen GER"]
[Date "2017.06.06"]
[Round "5"]
[White "Jacoby, Angelina"]
[Black "Hoffmann, Vanessa"]
[Result "1/2-1/2"]
[Termination "normal"]
[Board "9"]
[WhiteElo "1244"]
[BlackElo "1022"]
[PlyCount "84"]
[WhiteFideId "12999008"]
[BlackFideId "16244672"]
[EventCountry "GER"]
[EventRounds "9"]
[EventType "swiss"]
[EventDate "2017.06.03"]

1. d4 d5 2. f4 Nf6 3. e3 Bf5 4. Bd3 Bxd3 5. Qxd3 e6 6. Nf3 Bd6 7. O-O Nbd7 8.
Nbd2 c5 9. Ne5 O-O 10. c3 Ne8 11. Rf3 f6 12. Ng4 e5 13. fxe5 fxe5 14. Rxf8+
Bxf8 15. dxe5 Qg5 16. Qxd5+ Kh8 17. Qxd7 h5 18. Nf2 Rb8 19. Nf3 Qg6 20. Qd3 Qc6
21. Ng5 g6 22. Qc4 Bg7 23. e6 Nd6 24. Nf7+ Nxf7 25. exf7 Rf8 26. e4 b5 27. Qd5
Qc7 28. Bg5 Rxf7 29. Qd8+ Qxd8 30. Bxd8 b4 31. Ba5 Rb7 32. Nd3 Rb5 33. Bd8 bxc3
34. bxc3 c4 35. Nf4 Bxc3 36. Rd1 Kg7 37. Ne2 Be5 38. Rc1 Rb2 39. Rxc4 Rxe2 40.
Ra4 Kh6 41. h4 Bf4 42. Kf1 Rd2 1/2-1/2

[Event "DEM U14w 2017"]
[Site "Willingen GER"]
[Date "2017.06.06"]
[Round "5"]
[White "Zell, Hannah"]
[Black "Schwegler, Jelena"]
[Result "1/2-1/2"]
[Termination "normal"]
[Board "10"]
[WhiteElo "1489"]
[BlackElo "1284"]
[PlyCount "111"]
[WhiteFideId "16208900"]
[BlackFideId "16225481"]
[EventCountry "GER"]
[EventRounds "9"]
[EventType "swiss"]
[EventDate "2017.06.03"]

1. e4 e5 2. Nf3 Nc6 3. Bb5 a6 4. Ba4 Nf6 5. O-O Be7 6. Re1 b5 7. Bb3 d6 8. a3
Nb8 9. c3 O-O 10. d4 Nbd7 11. Nbd2 Bb7 12. Bc2 Re8 13. Nf1 Bf8 14. Ng3 g6 15.
a4 c5 16. dxe5 dxe5 17. axb5 axb5 18. Rxa8 Bxa8 19. Bg5 Qc7 20. Qd2 Bg7 21. Rd1
c4 22. Qd6 Qa7 23. Bxf6 Nxf6 24. Nxe5 Nxe4 25. Nxe4 Bxe5 26. Qd7 Qxd7 27. Rxd7
Bc6 28. Rd1 Kg7 29. f3 Rb8 30. Nc5 Rb6 31. Nd7 Bxd7 32. Rxd7 b4 33. Rd5 Bf4 34.
Kf1 Bc1 35. b3 cxb3 36. Bxb3 bxc3 37. Bc2 Rc6 38. Ke2 Bb2 39. Kd3 Kf6 40. g3
Ke6 41. Rd4 Rc5 42. Re4+ Re5 43. Rxe5+ Kxe5 44. f4+ Kd5 45. Bb3+ Kc5 46. Bxf7
Kb4 47. Kc2 Kc5 48. Bg8 h6 49. Bf7 g5 50. fxg5 hxg5 51. Kd3 Kd6 52. h4 gxh4 53.
gxh4 Ke5 54. h5 Kf6 55. Bg6 Kg5 56. Kc2 1/2-1/2

[Event "DEM U14w 2017"]
[Site "Willingen GER"]
[Date "2017.06.06"]
[Round "5"]
[White "Fuchs, Emily"]
[Black "Ruhmke, Rebecca"]
[Result "0-1"]
[Termination "normal"]
[Board "12"]
[WhiteElo "1225"]
[BlackElo "1127"]
[PlyCount "106"]
[WhiteFideId "16208986"]
[BlackFideId "16235991"]
[EventCountry "GER"]
[EventRounds "9"]
[EventType "swiss"]
[EventDate "2017.06.03"]

1. e4 d5 2. exd5 Nf6 3. d4 Nxd5 4. c4 Nb6 5. Nc3 Nc6 6. Nf3 Bg4 7. Be3 e6 8.
Be2 Bf5 9. O-O Qe7 10. Bd3 Bxd3 11. Qxd3 O-O-O 12. Qe2 h5 13. h4 f6 14. a3 g6
15. b4 Bh6 16. b5 Na5 17. Nd2 g5 18. hxg5 Bxg5 19. Rfe1 Bxe3 20. Qxe3 Naxc4 21.
Nxc4 Nxc4 22. Qxe6+ Qxe6 23. Rxe6 Rxd4 24. Rxf6 h4 25. a4 h3 26. Kh2 hxg2+ 27.
Kxg2 Rg8+ 28. Kf1 Nd2+ 29. Ke1 Rg1+ 30. Ke2 Rxa1 31. Rf8+ Kd7 32. Ra8 Nb1 33.
Nxb1 Rxb1 34. Rxa7 Rb3 35. Ra8 Re4+ 36. Kd2 Rf3 37. a5 Rxf2+ 38. Kd3 Ra4 39. a6
bxa6 40. bxa6 Rfa2 41. Rh8 R2a3+ 42. Kc2 Rxa6 43. Rh7+ Kc8 44. Rh8+ Kb7 45. Rh4
Rg6 46. Rb4+ Ka6 47. Kb2 Rh3 48. Ka2 Rg2+ 49. Rb2 Rxb2+ 50. Kxb2 Kb5 51. Kc2
Kc4 52. Kd2 Ra3 53. Ke2 Kd4 0-1

[Event "DEM U14w 2017"]
[Site "Willingen GER"]
[Date "2017.06.06"]
[Round "5"]
[White "Albert, Eske"]
[Black "Sinnhöfer, Lilian"]
[Result "1/2-1/2"]
[Termination "normal"]
[Board "13"]
[WhiteElo "1415"]
[BlackElo "1477"]
[PlyCount "48"]
[WhiteFideId "12991813"]
[BlackFideId "12977586"]
[EventCountry "GER"]
[EventRounds "9"]
[EventType "swiss"]
[EventDate "2017.06.03"]

1. e4 e5 2. Nf3 Nc6 3. d4 exd4 4. Nxd4 Nf6 5. Nc3 Bb4 6. Nxc6 bxc6 7. Bd3 d5 8.
exd5 cxd5 9. O-O O-O 10. Bg5 c6 11. Qf3 Bd6 12. Bxf6 Qxf6 13. Qxf6 gxf6 14. g3
Bd7 15. Rfe1 Rfe8 16. Kg2 Be5 17. f4 Bxc3 18. bxc3 h6 19. Rab1 Rxe1 20. Rxe1
Re8 21. Rxe8+ Bxe8 22. Kf3 Kf8 23. Ke3 Ke7 24. Kd4 Kd6 1/2-1/2